书目信息 |
| 题名: |
她的名字
|
|
| 作者: | 石一宁 , 赵晏彪 主编 | |
| 分册: | ||
| 出版信息: | 北京 中译出版社 2016 |
|
| 页数: | 351页 | |
| 开本: | 24cm | |
| 丛书名: | ||
| 单 册: | ||
| 中图分类: | H219.94:I217.61 | |
| 科图分类: | ||
| 主题词: | 汉语--朝鲜语(中国少数民族语言)--对照读物 , 中国文学--当代文学--作品集 | |
| 电子资源: | ||
| ISBN: | 978-7-5001-4997-2 | |
| 000 | 00907nam0 2200265 450 | |
| 001 | 012001003830 | |
| 005 | 20140926114741.0 | |
| 010 | @a978-7-5001-4997-2@dCNY50.00 | |
| 100 | @a20170802d2016 em y0chiy50 ea | |
| 101 | 0 | @achi@akor |
| 102 | @aCN@b110000 | |
| 105 | @ay z 000zy | |
| 106 | @ar | |
| 200 | 1 | @a她的名字@9ta de ming zi@f石一宁,赵晏彪主编 |
| 210 | @a北京@c中译出版社@d2016 | |
| 215 | @a351页@d24cm | |
| 300 | @a汉朝文学翻译双语读本 | |
| 330 | @a本书选录了《民族文学》的部分优秀作品,有中文、朝鲜文作品,文学体裁多样,有小说、散文、诗歌、儿童文学等种类。 | |
| 606 | 0 | @a汉语@x朝鲜语(中国少数民族语言)@j对照读物 |
| 606 | 0 | @a中国文学@x当代文学@x作品集 |
| 690 | @aH219.94:I217.61@v5 | |
| 701 | 0 | @c(壮)@a石一宁@9shi yi ning@f(1964-)@4主编 |
| 701 | 0 | @c(满)@a赵晏彪@9zhao yan biao@f(1957-)@4主编 |
| 801 | 0 | @aCN@b上海新华@c20180901 |
| 905 | @b1165226-30@dH219.94:I217.61@e26@f5 | |
| 她的名字/石一宁,赵晏彪主编.-北京:中译出版社,2016 |
| 351页;24cm |
| 汉朝文学翻译双语读本 |
| ISBN 978-7-5001-4997-2:CNY50.00 |
| 本书选录了《民族文学》的部分优秀作品,有中文、朝鲜文作品,文学体裁多样,有小说、散文、诗歌、儿童文学等种类。 |
| ● |
| 相关链接 |
|
|
|
|
正题名:她的名字
索取号:H219.94:I217.61/26
 
预约/预借
| 序号 | 登录号 | 条形码 | 馆藏地/架位号 | 状态 | 备注 |
| 1 | 1165226 | 211652264 | 第二样本阅览室/ [索取号:H219.94:I217.61/26] | 在馆 | |
| 2 | 1165227 | 211652273 | 第四借阅区/ [索取号:H219.94:I217.61/26] | 在馆 | |
| 3 | 1165228 | 211652282 | 第四借阅区/ [索取号:H219.94:I217.61/26] | 在馆 | |
| 4 | 1165229 | 211652291 | 第四借阅区/ [索取号:H219.94:I217.61/26] | 在馆 | |
| 5 | 1165230 | 211652308 | 密集书库-文学院/ [索取号:H219.94:I217.61/26] | 在馆 |